000 01245nam a22002897a 4500
003 PE SENCICO BE
005 20251020182649.0
008 240110b |||||||| |||| 00| 0 eng d
040 _aPE SENCICO BE
_cPE SENCICO BE
041 _aspa
084 _aI
_aDIS
_a2017
_bN19
100 1 _91857
_aNalvarte Tippe, Katherine Gabriela
_eautor
245 1 _aElementos primarios del diseño en espacio de venta en tiendas de ropa para bebe /
_cKatherine Gabriela Nalvarte Tippe
260 _aLima :
_c2017
300 _a2 v. :
_bil. col., diagrs. ;
_c30 cm.
500 _aTexto en dos volúmenes. El volumen 2 contiene planos (30 x 40 cm.).
502 _aMonografía de Titulación.-- Servicio Nacional de Capacitación para la Industria de la Construcción. Escuela Superior Técnica. Carrera Profesional Técnica en Diseño de Interiores, 2017
650 1 0 _944
_aDiseño de interiores
650 2 0 _99
_aEspacios interiores
650 2 0 _91858
_aDecoración de tiendas
650 2 0 _91278
_aNormas técnicas
650 2 0 _9940
_aProyectos de edificaciones
650 2 0 _9615
_aPlanos
710 1 _aServicio Nacional de Capacitación para la Industria de la Construcción.
_bEscuela Superior Técnica
_91065
910 _bhfp
_chfp
942 _cMON
999 _c4489
_d4489